सावित्रिबाई फुले : साहित्य आणि कर्तुत्व (Record no. 43269)

MARC details
000 -LEADER
fixed length control field 00571nam a2200193Ia 4500
008 - FIXED-LENGTH DATA ELEMENTS--GENERAL INFORMATION
fixed length control field 220531s9999 xx 000 0 und d
020 ## - INTERNATIONAL STANDARD BOOK NUMBER
International Standard Book Number 978-93-80321-83-7
041 ## - LANGUAGE CODE
Language code of text/sound track or separate title mar
082 ## - DEWEY DECIMAL CLASSIFICATION NUMBER
Item number CHI
100 ## - MAIN ENTRY--PERSONAL NAME
Personal name चिडगोपकर, अलका
9 (RLIN) 78050
245 ## - TITLE STATEMENT
Title सावित्रिबाई फुले : साहित्य आणि कर्तुत्व
250 ## - EDITION STATEMENT
Edition statement 1ST
260 ## - PUBLICATION, DISTRIBUTION, ETC. (IMPRINT)
Place of publication, distribution, etc. Pune
Name of publisher, distributor, etc. Snehvardhan
Date of publication, distribution, etc. 2014
300 ## - PHYSICAL DESCRIPTION
Extent 164
542 ## - INFORMATION RELATING TO COPYRIGHT STATUS
Copyright holder 31-12-2018
650 ## - SUBJECT ADDED ENTRY--TOPICAL TERM
Topical term or geographic name as entry element Genral
9 (RLIN) 78051
906 ## - LOCAL DATA ELEMENT F, LDF (RLIN)
d 2018-2019
f 15682
Holdings
Withdrawn status Lost status Source of classification or shelving scheme Damaged status Not for loan Collection code Home library Current library Date acquired Vendor Cost, normal purchase price Total Checkouts Total Holds Full call number Barcode Date last seen Cost, replacement price Bill Date Koha item type Original Barcode
    Dewey Decimal Classification       Shri Siddhivinayak Mahila Mahavidyalaya Shri Siddhivinayak Mahila Mahavidyalaya 15/01/2019 Snehawardhan 160.00   1 /CHI/B/22037 SSMM-BK-22037 06/08/2022 160.00 06/08/2022 Books 010022037